Trần Đình Hượu tuyển tập Tập 2 Những vấn đề lịch sử văn học
保存先:
| 第一著者: | |
|---|---|
| フォーマット: | 図書 |
| 言語: | Vietnamese |
| 出版事項: |
Hà Nội
Giáo Dục
2007
|
| 主題: | |
| タグ: |
タグ追加
タグなし, このレコードへの初めてのタグを付けませんか!
|
| Thư viện lưu trữ: | Trung tâm Học liệu Lê Vũ Hùng, Trường Đại học Đồng Tháp |
|---|
| LEADER | 00991pam a22002898a 4500 | ||
|---|---|---|---|
| 001 | 00030919 | ||
| 005 | 20171026081025.0 | ||
| 008 | 130819s2007 ||||||viesd | ||
| 020 | |c 167000 | ||
| 041 | 0 | # | |a vie |
| 082 | 1 | 4 | |a 370.92 |b TR121Đ |
| 100 | 1 | # | |a Trần, Ngọc Vương |e Giới thiệu và tuyển chọn |
| 245 | 1 | 0 | |a Trần Đình Hượu tuyển tập |c Trần Ngọc Vương (giới thiệu và tuyển chọn) |n Tập 2 |p Những vấn đề lịch sử văn học |
| 260 | # | # | |a Hà Nội |b Giáo Dục |c 2007 |
| 300 | # | # | |a 761 tr. |c 24 cm. |
| 600 | 1 | 4 | |a Trần, Đình Hượu |
| 653 | # | # | |a Nho giáo |
| 653 | # | # | |a Văn học |
| 653 | # | # | |a Việt Nam |
| 653 | # | # | |a Tác phẩm |
| 653 | # | # | |a Nhà giáo nhân dân |
| 852 | # | # | |j KD.0014815 |
| 852 | # | # | |b Kho đọc |j KD.0014815 |
| 910 | |d 8/2013 | ||
| 980 | # | # | |a Trung tâm Học liệu Lê Vũ Hùng, Trường Đại học Đồng Tháp |